Pluralita kríža 2. časť prílohy Patrocínium

Bibliographic Details
Main Author: Kaľavský, Ľubomír (historik) (Author, Photographer)
Format: Book
Language:Slovak
PhysicalDescription:5, XLV strán farebné fotografie 21 cm
Published: Bijacovce Ľubomír Kaľavský 2018
ISBN:9788057005599
Edition:Vydanie prvé
Subjects:

MARC

LEADER 00000cam a2200000 4500
001 vtls011918834
003 SK-MaSNL
005 20260301225355.0
008 200219s2018 xo o gr 000 0 slo
015 |a SNBA2020/11 
020 |a 9788057005599  |q (brožované) 
040 |a SNK  |b slo  |c SNK  |e rda 
041 0 |a slo 
044 |a xo  |c SK 
072 7 |a 27-5  |x Liturgia. Kresťanské umenie a symbolika. Duchovný život  |2 konspekt 
072 7 |a 72  |x Architektúra  |2 konspekt 
080 |a (084.12)  |2 2011 
080 |a 27-526.6  |2 2011 
080 |a 725.94  |2 2011 
080 |a 2-64/-67  |2 2011 
100 1 |a Kaľavský, Ľubomír (historik)  |4 aut  |4 pht  |9 178110 
245 1 0 |a Pluralita kríža  |n 2. časť prílohy  |p Patrocínium  |c Ľubomír Kaľavský 
246 3 0 |a Patrocínium 
250 |a Vydanie prvé 
264 1 |a Bijacovce  |b Ľubomír Kaľavský  |c 2018 
300 |a 5, XLV strán  |b farebné fotografie  |c 21 cm 
336 |a text  |b txt  |2 rdacontent 
336 |a statický obraz  |b sti  |2 rdacontent 
337 |a bez média  |b n  |2 rdamedia 
338 |a zväzok  |b nc  |2 rdacarrier 
366 |e 100 kusov 
500 |a Druhá samostatná príloha k štvrtej časti s názvom: Pluralita kríža - Sakrosanktum vydanej v roku 2016 
650 0 7 |a kríž (kresťanský symbol)  |2 SNKPH  |9 1949 
650 0 7 |a náboženský pluralizmus  |2 SNKPH  |9 1593 
650 0 7 |a Holy Cross  |2 SNKPHeng  |9 351406 
650 0 7 |a Religious pluralism  |2 SNKPHeng  |9 331398 
650 0 7 |a kresťanská symbolika  |2 SNKPH  |9 1958 
650 0 7 |a Christian symbolism  |2 SNKPHeng  |9 325558 
655 7 |a fotografické publikácie  |2 SNKPH  |9 70483 
655 7 |a Photographic publication  |2 SNKPHeng  |9 266858 
852 |a Slovenská národná knižnica 
919 |a 978-80-570-0559-9 
958 |a NT 
999 |c 950656  |d 952586 
952 |a SNK  |b SNK  |y NEVYP  |7 1  |p 17A1416173  |o snkSC 173772/4/príl.2  |i snk2020/4041  |8 0  |0 0  |1 0  |4 0  |d 2020-02-19  |l 0  |r 2026-02-24 09:47:10  |w 2026-02-24 
952 |a SNK  |b SNK  |y VYP  |7 0  |p 17A1416174  |o snkSC 173772/4/príl.2 D1  |i snk2020/4042  |8 0  |0 0  |1 0  |4 0  |d 2020-02-19  |l 0  |r 2026-02-24 09:47:10  |w 2026-02-24